000 00373nam a2200169Ia 4500
003 0STCL
008 150530s9999 xx 000 0 und d
040 _aSTCL
_cSTCL
100 _aVenkataraman, G.
245 _aChandra sekhar and his limit
250 _aFirst
260 _c1992
546 _aEnglish
942 _2ddc
_cBK
999 _c32134
_d32134
005 20220125170236.0